000 01918nam a22002297a 4500
003 NALT
005 20251119105959.0
008 s2558 th o tha d
020 _a9786163990068
040 _aNALT
086 _aสผ 51 7.3 627.4 2558
090 _aAA 560.T52
_bส226ส 2558
110 2 _aสำนักงานเลขาธิการสภาผู้แทนราษฎร ปฏิบัติหน้าที่สำนักงานเลขาธิการสภาปฏิรูปแห่งชาติ
_91766
245 1 0 _aสภาปฏิรูปแห่งชาติ วาระปฏิรูปที่ 27 :
_bการปฏิรูปเพื่อรับมือวิกฤตการณ์น้ำทะเลขึ้นสูงและแผ่นดินทรุดพื้นที่กรุงเทพมหานครและปริมณฑล /
_cสำนักงานเลขาธิการสภาผู้แทนราษฎร ปฏิบัติหน้าที่สำนักงานเลขาธิการสภาปฏิรูปแห่งชาติ.
260 _aกรุงเทพฯ :
_bสำนักการพิมพ์ สำนักงานเลขาธิการสภาผู้แทนราษฎร,
_c2558.
300 _a24 หน้า :
_bภาพประกอบ, ตาราง ;
_c30 ซม.
610 2 4 _aคณะกรรมการการเตรียมการเพื่อรับมือวิกฤตการณ์ "กรุงเทพจม"
_xรายงาน
_915658
650 4 _aการป้องกันความเสียหายจากอุทกภัย
_915655
_zไทย
_zกรุงเทพฯ
650 4 _aแผ่นดินทรุด
_92379
850 _aNALT
942 _cPAR
_2local
999 _c74370
_d74370
998 _j104
_k นางสาวสายฝน ดีงาม